| 000 | 00742nam a22001937a 4500 | ||
|---|---|---|---|
| 999 |
_c372113 _d372113 |
||
| 008 | 201127b ||||| |||| 00| 0 eng d | ||
| 040 |
_aDE-2950 _bger _cDE-2950 _erda |
||
| 041 | _ager | ||
| 245 |
_aDie Stadt im Kino. _bUnterhaltung. Hollywood war gestern: Auch Frankfurt war schon öfter im Film zu sehen. Welche Drehorte hier Kino- und TV-Zuschauer in den Bann ziehen / _cChristina Flöhr |
||
| 264 | _c2023 | ||
| 653 | _aFrankfurt (Oder) | ||
| 653 | _aDrehort | ||
| 653 | _aFilm | ||
| 773 |
_dFrankfurt (Oder) Märkisches Verlags- und Druckhaus GmbH & Co KG _tMärkische Oderzeitung _g34. Jahrgang (2023) Nr. 9 vom 11.01.2023, S. 16: mit Foto |
||
| 942 | _cA | ||